Normal view
MARC view
- John J. Schiller, R. Alu Srinivasan
Entry Corporate Name
001 - CONTROL NUMBER
- control field: 124653
003 - CONTROL NUMBER IDENTIFIER
- control field: NUST
005 - DATE AND TIME OF LATEST TRANSACTION
- control field: 20240720124125.0
008 - FIXED-LENGTH DATA ELEMENTS
- fixed length control field: 240720|| aca||aabn | a|a d
040 ## - CATALOGING SOURCE
- Original cataloging agency: NUST
- Transcribing agency: NUST
110 ## - HEADING--CORPORATE NAME
- Corporate name or jurisdiction name as entry element: John J. Schiller, R. Alu Srinivasan
670 ## - SOURCE DATA FOUND
- Source citation: Work cat.: (NUST): Murray R. Spiegel, Theory and Problems of Probability and Statistics, 2007.
